000 01424nam0a2200313 4500
001 RU\NLR\bibl\2081997
005 20260406135338.0
010 _a978-5-366-00093-2
035 _a(NLR Aleph) 002066350
090 _a4709061
_c4709061
100 _a20131026d2007 |||y0rusy50 ca
101 1 _arus
_cita
102 _aRU
105 _aa |||||||||
200 1 _aМашины Леонардо да Винчи
_eтайны и изобретения в рукописях ученого
_e[гениальные идеи. Забытое прошлое. Исторические сенсации
_fпод ред. Доменико Лауренцы [и др.
_gввед. Доменико Лауренцы
_gпер. с итал. : Г.А. Пылева]
210 _aМосква
_cНиола-Пресс
_d2007
215 _a239 с.
_cцв. ил.
_d27
320 _aБиблиогр.: с. 238-239
600 0 _aЛеонардо да Винчи
_f1452 - 1519
_xкак изобретатель
_92123282
_3RU\NLR\AUTH\661585627
606 0 _aМашины
_91046097
_3RU\NLR\AUTH\6685568
686 1 _aЖ.д(0)Леонардо да Винчи
702 1 _aЛауренца
_bД.
_gДоменико
_4340
702 0 _4570
_7ca
_8rus
_aЛеонардо да Винчи
_f1452-1519
_9112633
_3RU\NLR\AUTH\772623
801 0 _aRU
_bNLR
_c20131014
_gRCR
801 1 _aRU
_bNLR
_c20131014
942 _cBOOK
980 _aNB